000 01472nam a2200337 i 4500
003 CO-BoRNBP
005 20250226104246.0
007 ta
008 231009t2019 ck a|||g| 001 0|spa |
020 _a9789584277251
020 _a9584277251
040 _aCO-BoRNBP
_bspa
_erda
_cCO-BoRNBP
041 1 _aspa
_hdut
082 0 4 _a658.406
_bW85e
100 1 _aWulfen, Gijs Van
_d1960-
_eautor
_958840
245 1 3 _aLa expedición hacia la información
_buna caja de herramientas visual para despertar la creatividad y el ingenio/
_cGijs Van Wulfen ; traducción Inés Elvira Rocha
250 _aPrimera edición
264 1 _aBogotá, Colombia
_bPlaneta Colombiana S.A.
_c2019
300 _a248 páginas
_c24 cm
_bilustraciones a color
336 _atexto
_btxt
_2rdacontent
337 _asin mediación
_bn
_2rdamedia
338 _avolumen
_bnc
_2rdacarrier
505 0 _aLos exploradores famosos innovan. -- Innove al estilo de las expediciones. -- Toda máquina. -- Observe y aprenda. -- Plantee ideas. -- Pruebe las ideas. -- El regreso. -- Hágalo. -- La caja de herramientas de la innovación
521 _aRecomendado para un público mayor de 15 años
650 1 7 _aAptitud creadora en los negocios
_2LEMB
_922680
650 1 7 _aProductos nuevos
_2LEMB
_958841
650 1 7 _aPlanificación de la producción
_2LEMB
_913356
650 1 7 _aCambio organizacional
_xAdministración
_2LEMB
_958842
700 1 _aRocha, Inés Elvira
_etraductora
_958843
942 _2ddc
_cBK
999 _c56975
_d56975